Marketingová komunikácia produktov cestovného ruchu na Slovensku diplomová práca

Na minha lista:
Detalhes bibliográficos
Autor principal: Tonkovičová, Erika
Autor Corporativo: Obchodná fakulta EU. Katedra služieb a cestovného ruchu - zrušené
Outros Autores: Plesník, Pavol, 1956-
Formato: Livro
Idioma:eslovaco
Publicado em: Bratislava 2011
Tags: Adicionar Tag
Sem tags, seja o primeiro a adicionar uma tag!

MARC

LEADER 00000nbm a2200000 4500
001 0140344
005 20161109101928.3
041 0 |a slo 
044 |a SK 
245 1 0 |a Marketingová komunikácia produktov cestovného ruchu na Slovensku  |b diplomová práca  |c Erika Tonkovičová ; školiteľ: Pavol Plesník 
264 1 |a Bratislava  |c 2011 
300 |a 96 s. 
100 1 |a Tonkovičová, Erika 
700 1 |a Plesník, Pavol, 1956- 
710 2 |a Obchodná fakulta EU. Katedra služieb a cestovného ruchu - zrušené